El ocaso de una sociedad campesina: la Cordillera de la Costa en la Región de Concepción

में बचाया:
ग्रंथसूची विवरण
मुख्य लेखक: Guerrero Verdugo, Raúl (लेखक)
स्वरूप: पुस्तक
भाषा:स्पेनिश
प्रकाशित: Concepción Ediciones Universidad del Bio-Bio 2012
विषय:
टैग: टैग जोड़ें
कोई टैग नहीं, इस रिकॉर्ड को टैग करने वाले पहले व्यक्ति बनें!

MARC

LEADER 00000cam a2200000 a 4500
001 UCE0271
003 CL-VaPUC
005 20241018113457.0
008 140109e20120500cl |||||||||||||||||spa|d
999 |c 354473  |d 354471 
020 |a 9789567813957 
040 |c Pontificia Universidad Católica de Valparaíso 
082 0 4 |a 558.339 GUE 2012  |2 21 
100 |a Guerrero Verdugo, Raúl  |e author  |9 572646 
245 1 3 |a El ocaso de una sociedad campesina: la Cordillera de la Costa en la Región de Concepción 
260 |a Concepción  |b Ediciones Universidad del Bio-Bio  |c 2012 
300 |a 214 páginas 
583 |a last modification  |c 20140109 11:50:00  |k Rodrigo Vera 
650 7 |a GEOLOGIA HISTORICA  |2 CL-VaPUC  |9 572647 
650 0 |a Ciencias de la tierra  |9 261541 
651 7 |a CORDILLERA DE LA COSTA  |2 CL-VaPUC  |9 572648 
651 0 |a Concepción  |z CHILE  |9 254982 
942 |c BK  |2 ddc 
945 |d 20140109 11:50:00  |a dcastane 
952 |0 0  |1 0  |2 ddc  |3 erb  |4 0  |6 558_339000000000000_GUE_2012  |7 0  |8 A  |9 460375  |a BIBING  |b BIBING  |i 5045347  |o 558.339 GUE 2012  |p 5045347  |r 2025-01-20  |t 1  |w 2019-11-23  |y BK  |z Catalogado en:20140109  |k GEO